[Event "Warsaw-ch"]
[Site "Warsaw"]
[Date "1998.05.30"]
[Round "8"]
[White "Maciejewski, Miroslaw"]
[Black "Ehrenfeucht, Wojciech"]
[Result "1/2-1/2"]
[WhiteElo "2310"]
[BlackElo "2340"]

1.e4 c5 2.Nc3 Nc6 3.Nge2 d6 4.d4 cxd4 5.Nxd4 Nf6 6.Bg5 e6 7.Qd2 a6 8.O-O-O Bd7
9.f4 h6 10.Bh4 Nxe4 11.Qe1 Nf6 12.Nf5 Qa5 13.Nxd6+ Bxd6 14.Rxd6 O-O-O 15.Be2 Ne7
16.Bf3 Nf5 17.Rd3 Nxh4 18.Qxh4 g5 19.Qf2 g4 20.Be2 Bc6 21.Rhd1 Rxd3 22.Rxd3 Rd8
23.Rxd8+ Qxd8 24.Qc5 Nd7 25.Qh5 Bxg2 26.Qxf7 Qh4 27.Qg8+ Kc7 28.Qxe6 h5 29.Bb5 axb5
30.Nxb5+ Kd8 31.Qg8+ Ke7 32.Qg7+ Kd8 33.Qg8+ Ke7 34.Qg7+  1/2-1/2

[Event "RSA-ch"]
[Site "Bruma Lake"]
[Date "1998.06.01"]
[Round "5"]
[White "Pearson, Steven"]
[Black "De Villiers, Charles"]
[Result "1-0"]
[WhiteElo "2220"]
[BlackElo "2350"]

1.e4 c5 2.Nf3 Nc6 3.Nc3 g6 4.h4 Nf6 5.e5 Ng4 6.h5 Ngxe5 7.Nxe5 Nxe5 8.f4 Nc6
9.hxg6 fxg6 10.Bd3 Bg7 11.Rxh7 Rxh7 12.Bxg6+ Kf8 13.Bxh7 e6 14.Qh5 d5 15.Ne2 b5
16.d3 Nb4 17.d4 cxd4 18.a3 Nc6 19.f5 exf5 20.Bh6 Qf6 21.Bg5 Qe5 22.Kf1 Qe8
23.Bg6 Qd7 24.Nf4 Ne5 25.Re1 b4 26.Qh7 Ba6+ 27.Kg1 Re8 28.Bxe8 Qxe8 29.Rxe5  1-0

[Event "RSA-ch"]
[Site "Bruma Lake"]
[Date "1998.06.06"]
[Round "10"]
[White "Kobese, Watu"]
[Black "Solomon, Kenny"]
[Result "1/2-1/2"]
[WhiteElo "2330"]
[BlackElo "2240"]

1.e4 c5 2.Nf3 Nc6 3.Nc3 e5 4.Bc4 Be7 5.d3 Nf6 6.Nd5 O-O 7.Nxe7+ Qxe7 8.Nd2 Rd8
9.O-O d5 10.exd5 Nxd5 11.Ne4 h6 12.Be3 b6 13.Bxd5 Rxd5 14.Qf3 Qe6 15.Qe2 Nd4
16.Bxd4 Rxd4 17.Nc3 Bb7 18.Rae1 Re8 19.a4 a6 20.b3 Kf8 21.f3 Kg8 22.Qe3 Qc6
23.Re2 Re6 24.Rfe1 Kf8 25.Qf2 f6 26.Re3 Rdd6 27.Ne4 Rd8 28.Ng3 Ree8 29.Qd2 g6
30.R3e2 g5 31.Nf5 h5 32.h4 Qd7 33.Ne3 gxh4 34.Nc4 Qd4+ 35.Rf2 Kg7 36.Nxb6 Kh7
37.Qe3 Qd6 38.Nc4 Qd4 39.Kh2 Qd7 40.Qxc5 Qg7 41.Nd6 Rg8 42.Nf5 Qg5 43.Qe7+ Kh8
44.Nd6 Bd5 45.c4 Rxd6 46.Qxd6 Bxf3 47.Qe6 Qf4+ 48.Kg1 Rxg2+ 49.Rxg2 Bxg2
50.Qe8+ Kg7 51.Qe7+ Kg6  1/2-1/2

[Event "Stockholm"]
[Site "Stockholm"]
[Date "1998.06.06"]
[Round "1"]
[White "Klimov, Sergey"]
[Black "Hjelm, Niclas"]
[Result "1/2-1/2"]
[WhiteElo "2365"]
[BlackElo "2315"]

1.e4 c5 2.Nf3 Nc6 3.Nc3 d6 4.Bb5 Bd7 5.Bxc6 Bxc6 6.d4 cxd4 7.Nxd4 e6 8.Qe2 Qb6
9.Nxc6 Qxc6 10.Bf4 Be7 11.O-O-O a6 12.Rd3 b5 13.Rhd1 b4 14.Nb1 e5 15.Bd2 a5
16.f3 Rc8 17.Be3 Nf6 18.b3 h6 19.c4 O-O 20.Kd2 a4 21.Ke1 Ra8 22.Kf1 axb3
23.axb3 Ra1 24.Nc3 Rxd1+ 25.Nxd1 Ra8 26.Rd2 Ra3 27.Rb2 Nd7 28.Qd2 Qb7 29.Qd5 Qa6
30.Qb5 Qxb5 31.cxb5 Ra5 32.Rc2 Nc5 33.Bxc5 dxc5 34.b6 Rb5 35.Ne3 Rxb6 36.Nd5 Rb7
37.Nxe7+ Rxe7 38.Rxc5 Ra7 39.Rb5 Ra2 40.Rxb4 f6 41.h4 h5 42.Rb7 Kh7 43.b4 Kh6
44.b5 g5 45.Rb6 Kg6 46.hxg5 Kxg5 47.Kg1 Rb2 48.Rb8 Kf4 49.Kh2 Rb1 50.b6 h4
51.Rg8 h3 52.Rg4+ Ke3 53.Kxh3 Kf2 54.Rg6 Rxb6 55.Kh4 Rb8 56.Rxf6 Kxg2 57.Rf5 Re8
58.Kg5 Kf2 59.f4 Rg8+ 60.Kf6 exf4 61.Rxf4+ Ke3 62.Rh4 Rf8+  1/2-1/2

[Event "CZE-ch"]
[Site "Zlin"]
[Date "1998.06.14"]
[Round "2"]
[White "Pisk, Petr"]
[Black "Cvek, Robert"]
[Result "1/2-1/2"]
[WhiteElo "2310"]
[BlackElo "2405"]

1.e4 c5 2.Nf3 Nc6 3.Nc3 d6 4.d4 cxd4 5.Nxd4 Nf6 6.h3 e5 7.Nde2 Be7 8.g4 Be6
9.g5 Nh5 10.h4 Bg4 11.Be3 O-O 12.Qd2 b5 13.Rg1 Be6 14.Nd5 Bxd5 15.exd5 Na5
16.b3 Nb7 17.Nc3 a6 18.Ne4 Kh8 19.a4 Qc7 20.Qc3 Qxc3+ 21.Nxc3 b4 22.Ne4 f5
23.gxf6 Nxf6 24.Nxf6 Bxf6 25.h5 Rfc8  1/2-1/2

[Event "Sigeman & Co"]
[Site "Malmo"]
[Date "1998.06.17"]
[Round "9"]
[White "Hector, Jonny"]
[Black "Degerman, Lars"]
[Result "1/2-1/2"]
[WhiteElo "2505"]
[BlackElo "2490"]

1.e4 c5 2.Nf3 Nc6 3.Nc3 d6 4.d4 cxd4 5.Nxd4 Nf6 6.f4 e5 7.Nf3 Be7 8.f5 g6
9.fxg6 hxg6 10.Bg5 Be6 11.Qd2 Qa5 12.Bb5 O-O-O 13.Bxc6 bxc6 14.O-O Qc7 15.Qe2 Rh5
16.Qa6+ Qb7 17.Qxb7+ Kxb7 18.Ne2 Rhh8 19.Nfd4 exd4 20.Bxf6 Bxf6 21.Rxf6 c5
22.Nf4 Rhe8 23.Nxe6 Rxe6 24.Rxf7+ Kb6 25.Re1 Rde8 26.Kf2 c4 27.Rf4 d5 28.e5 Kc5
29.Rd1 Rxe5 30.Rfxd4 Rf5+ 31.Kg1 Re2 32.R4d2 Rxd2 33.Rxd2 d4 34.g3 Rf6 35.h4 Ra6
36.a3 Rb6 37.c3 d3 38.Kf2 Kd5 39.Ke3 Re6+ 40.Kf3 Rf6+ 41.Ke3 Re6+ 42.Kf3 Re1
43.Rh2 Rf1+ 44.Ke3 Re1+ 45.Kf3 Rf1+  1/2-1/2

[Event "Magistral Algarve"]
[Site "Vila Real de Santo Antonio"]
[Date "1998.06.19"]
[Round "1"]
[White "Santos, Carlos P"]
[Black "Fernandes, Antonio"]
[Result "1-0"]
[WhiteElo "2400"]
[BlackElo "2490"]

1.e4 c5 2.Nf3 Nc6 3.Nc3 d6 4.d4 cxd4 5.Nxd4 Nf6 6.Bc4 e6 7.Be3 Qc7 8.Qe2 a6
9.O-O-O Be7 10.Bb3 Na5 11.g4 b5 12.g5 Nxb3+ 13.axb3 Nd7 14.h4 b4 15.Na4 Nc5
16.h5 Bd7 17.Kb1 Bxa4 18.bxa4 Rc8 19.f3 Nxa4 20.Qxa6 Nc5 21.Qb5+ Qd7 22.h6 g6
23.Qxb4 O-O 24.Nb5 Rfd8 25.Bxc5 Rxc5 26.Qd4 e5 27.Qxc5 dxc5 28.Rxd7 Rxd7
29.Rg1 f6 30.gxf6 Bxf6 31.Nc3 Rd2 32.Nd5 Bh4 33.Rh1 Bg5 34.b3 Rf2 35.Rh3 Kf7
36.Kb2 Bd2 37.c3 Bxh6+ 38.Ka3 Bc1+  1-0

[Event "Copenhagen op"]
[Site "Copenhagen"]
[Date "1998.06.21"]
[Round "1"]
[White "Hector, Jonny"]
[Black "El Kher, Henrik"]
[Result "1-0"]
[WhiteElo "2505"]
[BlackElo "2285"]

1.e4 c5 2.Nc3 Nc6 3.Nf3 g6 4.d4 cxd4 5.Nxd4 Bg7 6.Be3 Nf6 7.Bc4 O-O 8.Bb3 a5
9.f3 d5 10.Bxd5 Nxd5 11.exd5 Nb4 12.Nde2 Bf5 13.Rc1 b5 14.O-O Rc8 15.Nd4 Bxd4
16.Qxd4 Nxc2 17.Rxc2 Bxc2 18.Nxb5 f6 19.Na7 Rc7 20.Qd2 Qd7 21.Nc6 Qf5 22.Re1 Ba4
23.Bb6 Bxc6 24.Bxc7 Qxd5 25.Bxa5 Ra8 26.Qxd5+ Bxd5 27.Bb4 e5 28.a3 Kf7 29.Rc1 Ra7
30.Rc8 e4 31.Rd8 Bc6 32.Rd6 Ba8 33.Bc3 f5 34.fxe4 Bxe4 35.Kf2 Rc7 36.g3 Rc6
37.Rd7+ Ke6 38.Rxh7 Kd5 39.Ke3 g5 40.Rd7+ Kc4 41.h4 gxh4 42.gxh4 Rh6 43.Be1 Kb3
44.Kf4 Rh5 45.Rd2 Bc2 46.a4 Kxb2 47.a5 Kb3 48.a6 Rh8 49.a7 Be4 50.Rd4 Ra8
51.Bf2 Bg2 52.h5 Rh8 53.Kg5  1-0

[Event "CZE-ch"]
[Site "Zlin"]
[Date "1998.06.21"]
[Round "9"]
[White "Jansa, Vlastimil"]
[Black "Babula, Vlastimil"]
[Result "1-0"]
[WhiteElo "2480"]
[BlackElo "2555"]

1.e4 c5 2.Nc3 Nc6 3.Nge2 d6 4.d4 cxd4 5.Nxd4 Nf6 6.g3 e6 7.Bg2 Bd7 8.O-O Be7
9.Ndb5 Qb8 10.Bg5 a6 11.Bxf6 gxf6 12.Nd4 h5 13.h3 Qa7 14.Nce2 O-O-O 15.a4 e5
16.Nb5 Qc5 17.Nbc3 Nb4 18.Nc1 Be6 19.Nd3 Nxd3 20.cxd3 Kb8 21.h4 Qb4 22.Qe2 Rdg8
23.Kh2 Bd8 24.f4 exf4 25.Rxf4 Bb6 26.e5 Bd4 27.exd6 Rg4 28.Rxg4 hxg4 29.Qe4 Rd8
30.Nd5 Qxb2 31.Ra2 f5 32.Rxb2 fxe4 33.Rb4 Bc5 34.Rc4 Bxd6 35.dxe4 Rh8 36.e5 Bxe5
37.Rb4  1-0

[Event "White Nights"]
[Site "St Petersburg"]
[Date "1998.06.22"]
[Round "3"]
[White "Solovjov, Sergey"]
[Black "Petrov, Anton"]
[Result "1/2-1/2"]
[WhiteElo "2450"]
[BlackElo "2360"]

1.e4 c5 2.Nf3 Nc6 3.Nc3 g6 4.d4 cxd4 5.Nxd4 Bg7 6.Be3 Nf6 7.Bc4 Qa5 8.f3 Qb4
9.Bb3 Nxe4 10.Nxc6 Bxc3+ 11.bxc3 Qxc3+ 12.Ke2 dxc6 13.Qd4 Qxd4 14.Bxd4 Nf6
15.Rhe1 Be6 16.Kf1 O-O 17.Bxe6 fxe6 18.Rxe6 Kf7 19.Rae1 Ng8 20.g4  1/2-1/2

[Event "Magistral Algarve"]
[Site "Vila Real de Santo Antonio"]
[Date "1998.06.22"]
[Round "4"]
[White "Arizmendi Martinez, Julen Luis"]
[Black "Fernandes, Antonio"]
[Result "1/2-1/2"]
[WhiteElo "2480"]
[BlackElo "2490"]

1.e4 c5 2.Nf3 Nc6 3.Nc3 g6 4.d4 cxd4 5.Nxd4 Bg7 6.Be3 Nf6 7.Bc4 O-O 8.Bb3 a5
9.f3 d5 10.Bxd5 Nxd5 11.exd5 Nb4 12.Nde2 Bf5 13.Rc1 b5 14.a3 Nxc2+ 15.Rxc2 Bxc2
16.Qxc2 b4 17.Na4 Qxd5 18.Nb6 Qe6 19.Kf2 Rab8 20.Nf4 Qa2 21.axb4 axb4 22.Nd3 Qe6
23.Nf4 Qa2 24.Nd3 Qe6 25.Nf4  1/2-1/2

[Event "White Nights op"]
[Site "St Petersburg"]
[Date "1998.06.23"]
[Round "4"]
[White "Rubzova, Tatiana"]
[Black "Yemelin, Vasily"]
[Result "0-1"]
[WhiteElo "2265"]
[BlackElo "2485"]

1.e4 c5 2.Nc3 Nc6 3.Nf3 e6 4.g3 d6 5.Bg2 Nf6 6.O-O Be7 7.d3 O-O 8.h3 d5 9.exd5 exd5
10.d4 Ne4 11.Nxe4 dxe4 12.Nd2 cxd4 13.Nxe4 Be6 14.Qh5 Nb4 15.Ng5 Bf5 16.c3 Nc2
17.Rb1 Bg6 18.Qg4 h5 19.Qf4 Ne3 20.Bxe3 Bxb1 21.cxd4 Bxa2 22.Ra1 Bc4 23.Qf5 g6
24.Qe5 Bf6 25.Qf4 Re8 26.h4 Bxg5 27.Qxg5 Qxg5 28.Bxg5 Kg7 29.Bxb7 Rab8 30.Rxa7 Re1+
31.Kh2 Rxb7 32.Rxb7 Bd5 33.Bf6+ Kh7 34.Rxf7+ Bxf7 35.f3 Bd5 36.Kg2 Re2+ 37.Kf1 Rxb2
38.f4 Kg8 39.Ke1 Kf7 40.Be5 Ke6  0-1

[Event "Szeged TT06 IM"]
[Site "Szeged"]
[Date "1998.06.24"]
[Round "7"]
[White "Ambrus, Endre"]
[Black "Nagy, Andras"]
[Result "0-1"]
[WhiteElo "2230"]
[BlackElo "2195"]

1.e4 c5 2.Nf3 Nc6 3.Nc3 d6 4.h3 g6 5.g4 Bg7 6.Bg2 Rb8 7.a4 a6 8.Qe2 Qa5 9.Ra3 e6
10.O-O Nge7 11.e5 dxe5 12.Ne4 O-O 13.g5 Nd5 14.d3 Nd4 15.Qd1 Qc7 16.Nh2 b5
17.axb5 axb5 18.Ng4 b4 19.Ra1 Nf4 20.Re1 Bb7 21.c3 bxc3 22.bxc3 Bxe4 23.Rxe4 Nf5
24.Rea4 Rbd8 25.Be4 c4 26.Bxf4 exf4 27.d4 Nd6 28.Bg2 Qe7 29.h4 Nf5 30.Qf3 Nxh4
31.Qxf4 Nxg2 32.Nf6+ Qxf6  0-1

[Event "Copenhagen op"]
[Site "Copenhagen"]
[Date "1998.06.27"]
[Round "7"]
[White "Hector, Jonny"]
[Black "Jakobsen, Ole"]
[Result "0-1"]
[WhiteElo "2505"]
[BlackElo "2345"]

1.e4 c5 2.Nf3 Nc6 3.Nc3 e6 4.Bb5 Qb6 5.a4 Nge7 6.O-O Ng6 7.Re1 Be7 8.Bxc6 bxc6
9.a5 Qc7 10.d4 cxd4 11.Qxd4 O-O 12.b3 d5 13.Qe3 Rd8 14.exd5 cxd5 15.Nb5 Qd7
16.c4 Ba6 17.Na3 Qb7 18.Bd2 Rac8 19.cxd5 Rxd5 20.Nc4 Rcd8 21.Rab1 Rd3 22.Qe4 Qb5
23.Re3 Bb7 24.Qg4 f5 25.Qh3 Nf4 26.Qg3 Rxe3 27.Qxf4 Rxb3 28.Re1 Rb1 29.Bc1 Bxf3
30.gxf3 Rc8  0-1

[Event "SVK-ch"]
[Site "Prievidza"]
[Date "1998.06.27"]
[Round "1.24"]
[White "Lasch, Miroslav"]
[Black "Widera, Jan"]
[Result "0-1"]
[WhiteElo "2035"]
[BlackElo "2240"]

1.e4 c5 2.Nf3 Nc6 3.Nc3 g6 4.d4 cxd4 5.Nxd4 Bg7 6.Be3 Nf6 7.Bc4 O-O 8.Bb3 a5
9.f3 d5 10.exd5 Nb4 11.Ndb5 a4 12.Nxa4 Nfxd5 13.Bd4 Bxd4 14.Qxd4 Rxa4 15.Bxa4 Qa5
16.Nc3 Qxa4 17.Qxd5 Qxc2 18.Qd2 Nd3+ 19.Ke2 Nf4+ 20.Ke3 Nxg2+ 21.Ke2 Nf4+
22.Ke3 Qf5 23.Rad1 b6 24.Qd4 Nh3 25.Rd2 Bb7 26.Rf1 Qe6+ 27.Ne4 f5 28.Qd7 Qc4
29.Rfd1 f4+  0-1

[Event "World op"]
[Site "Philadelphia"]
[Date "1998.06.28"]
[Round "2"]
[White "Hernandez, Gilberto"]
[Black "Popovych, Orest"]
[Result "1-0"]
[WhiteElo "2525"]
[BlackElo "2295"]

1.e4 c5 2.Nc3 Nc6 3.Nge2 e5 4.Nd5 Nge7 5.Nec3 Nxd5 6.Nxd5 Be7 7.Bc4 O-O 8.O-O Rb8
9.a3 b5 10.Ba2 Bg5 11.f4 Bxf4 12.Nxf4 exf4 13.d3 d6 14.Bxf4 Ne5 15.b4 cxb4
16.axb4 Qb6+ 17.Kh1 Be6 18.Qb1 Bxa2 19.Qxa2 Rb7 20.Qd5 Re7 21.h3 Re6 22.Bg5 a6
23.Rxf7 Rxf7 24.Qxe6 Qd4 25.Rxa6 Qxb4 26.Qxd6 Qe1+ 27.Kh2 Qf2 28.Ra8+  1-0

[Event "SVK-ch"]
[Site "Prievidza"]
[Date "1998.06.28"]
[Round "2.4"]
[White "Berzinsh, Roland"]
[Black "Bekiarisova, Alena"]
[Result "1-0"]
[WhiteElo "2425"]
[BlackElo "2160"]

1.e4 c5 2.Nc3 Nc6 3.Nge2 g6 4.d4 cxd4 5.Nxd4 Bg7 6.Be3 Nf6 7.Bc4 O-O 8.Bb3 d6
9.f3 Nxd4 10.Bxd4 e5 11.Be3 Be6 12.O-O Qe7 13.Qe2 a6 14.Rad1 b5 15.Nd5 Nxd5
16.Bxd5 Rac8 17.c3 Rfd8 18.Rd3 Kh8 19.Rfd1 Rb8 20.a3 Bc8 21.Qd2 a5 22.Ba2 Bf8
23.Bc5 b4 24.cxb4 axb4 25.Bxb4 Qa7+ 26.Qf2 Qc7 27.Rc3 Qb7 28.Rdc1 Rd7 29.Bd5  1-0

[Event "White Nights op"]
[Site "St Petersburg"]
[Date "1998.06.28"]
[Round "9"]
[White "Rubzova, Tatiana"]
[Black "Stotika, V."]
[Result "1/2-1/2"]
[WhiteElo "2265"]
[BlackElo "2330"]

1.e4 c5 2.Nc3 Nc6 3.Nge2 e6 4.g3 a6 5.Bg2 g6 6.d4 cxd4 7.Nxd4 Bg7 8.Be3 Ne5
9.Qe2 Qc7 10.Rd1 Ne7 11.O-O O-O 12.Kh1 b5 13.f4 Nc4 14.Bc1 Bb7 15.a4 b4 16.Na2 d5
17.b3 Nd6 18.e5 Ne4 19.Bb2 Qb6 20.c4 bxc3 21.Nxc3 Nf5 22.Nxe4 dxe4 23.g4 Nxd4
24.Bxd4 Qxb3 25.Rb1 Qxa4 26.Rxb7 Qxd4 27.Qxe4 Qxe4 28.Bxe4 Rab8 29.Ra1 Rxb7
30.Bxb7 Rb8 31.Bxa6 Rb4 32.Rf1 Ra4 33.Bb5 Ra5 34.Bd7 Ra7 35.Bb5 g5 36.f5 Ra5
37.Bd7 Rxe5 38.fxe6 fxe6 39.Kg2 Re4 40.Kf3 Re5 41.Rf2 Kf8 42.Re2  1/2-1/2

[Event "SVK-ch"]
[Site "Prievidza"]
[Date "1998.06.30"]
[Round "4.13"]
[White "Gazik, Igor"]
[Black "Durik, Peter"]
[Result "1-0"]
[WhiteElo "2380"]
[BlackElo "2155"]

1.e4 c5 2.Nf3 Nc6 3.Nc3 d6 4.d4 cxd4 5.Nxd4 Nf6 6.Bg5 e6 7.Qd2 a6 8.O-O-O h6
9.Bf4 Bd7 10.Nxc6 Bxc6 11.Qe1 Qa5 12.f3 O-O-O 13.g4 Kb8 14.h4 Ka8 15.Bc4 g6
16.Bb3 Ne8 17.Bd2 Qc7 18.Na4 Bxa4 19.Bxa4 Bg7 20.Be3 d5 21.Qb4 Nd6 22.Bb6 Qc4
23.Qa3 Rc8 24.exd5 exd5 25.Bb3 Qc6 26.Bd4 Nb5 27.Qb4 Nxd4 28.Rxd4 Bxd4 29.Qxd4 Rhd8
30.Rd1 Qc5 31.Qf4 d4 32.Kb1 Qe7 33.a3 Qe3 34.Qxe3 dxe3 35.Re1 Re8 36.Bxf7 Rf8
37.Bd5 h5 38.g5 Rf4 39.Rxe3 Rc5 40.Re4 Rf8 41.c4 Kb8 42.Re6 Rxd5 43.cxd5 Rxf3
44.Rxg6 Rf4 45.Rg8+ Kc7 46.g6 Rxh4 47.g7 Rg4 48.d6+ Kd7 49.Rb8  1-0

[Event "NLD-ch"]
[Site "Rotterdam"]
[Date "1998.06.30"]
[Round "8"]
[White "Reinderman, Dimitri"]
[Black "Van Wely, Loek"]
[Result "0-1"]
[WhiteElo "2480"]
[BlackElo "2605"]

1.e4 c5 2.Nc3 Nc6 3.Nge2 g6 4.d4 cxd4 5.Nxd4 Bg7 6.Nb3 Nf6 7.Be2 O-O 8.O-O b6
9.Re1 Bb7 10.Bf1 d6 11.Nd5 Nd7 12.Rb1 e6 13.Nc3 Nf6 14.Bg5 h6 15.Bh4 g5 16.Bg3 Ne5
17.Qd2 Qe7 18.f3 Rad8 19.Rbd1 Nh5 20.Bf2 Nf4 21.Bd4 f5 22.Kh1 fxe4 23.Nxe4 g4
24.Be3 Neg6 25.g3 Ng2 26.Bxg2 gxf3 27.Bxf3 Rxf3 28.Bxh6 Bxb2 29.Kg1 Ne5 30.Bg5 Qh7
31.Bxd8 Rxg3+ 32.hxg3 Nf3+ 33.Kf2 Nxd2 34.Nbxd2 d5 35.Nd6 Qh2+ 36.Kf3 Ba6
37.Rxe6 Bc3 38.Re8+ Kh7 39.Re7+ Kg6 40.Re6+ Kh7 41.Nf1 Qh5+ 42.g4 Qh1+ 43.Kf2 Bxf1
44.Rxf1 Qh2+ 45.Ke3 Qg3+ 46.Rf3 d4+ 47.Kd3 Qxf3+ 48.Kc4 Qf1+ 49.Kd5 d3 50.Re7+ Bg7
51.cxd3 Qxd3+ 52.Kc6 Qf3+ 53.Kc7 Qf4 54.Kc6 Qf6 55.Kd7 Qd4 56.Kc6 Qc5+ 57.Kd7 Qd5
58.Kc7 Kg6 59.Kd7 Bf8 60.Re6+ Kg7 61.Bf6+ Kg8 62.g5 b5 63.Be5 Bxd6 64.Bxd6 b4
65.g6 Qxa2 66.Be5 Qd5+ 67.Ke7 b3 68.Kf6 Qd8+ 69.Kf5 Qd7 70.Kf6 b2 71.Bxb2 Qg7+
72.Kf5 Qxb2 73.Re8+ Kg7 74.Re7+ Kf8 75.Rf7+ Kg8 76.Rd7 Qb5+ 77.Ke6 Qxd7+
78.Kxd7 a5  0-1

[Event "RUS-Cup06"]
[Site "Nizhnij Novgorod"]
[Date "1998.07.02"]
[Round "4"]
[White "Kupreichik, Viktor D"]
[Black "Shariyazdanov, Andrey"]
[Result "1/2-1/2"]
[WhiteElo "2505"]
[BlackElo "2495"]

1.e4 c5 2.Nc3 Nc6 3.Nf3 e6 4.Be2 Nf6 5.O-O d5 6.exd5 Nxd5 7.d4 cxd4 8.Nb5 Bc5
9.Nfxd4 Nxd4 10.Nxd4 O-O 11.Bf3 Nf6 12.Nb3 Bd6 13.Bg5 Qc7 14.g3 Be5 15.c3 Bd7
16.Re1 h6 17.Be3 Bb5 18.Bd4 Bxd4 19.Qxd4 Bc6 20.Bxc6 Qxc6 21.Red1 Qc7 22.Qe5  1/2-1/2

[Event "SVK-ch"]
[Site "Prievidza"]
[Date "1998.07.05"]
[Round "9.40"]
[White "Lasch, Miroslav"]
[Black "Flasik, Radoslav"]
[Result "0-1"]
[WhiteElo "2035"]
[BlackElo "2180"]

1.e4 c5 2.Nf3 Nc6 3.Nc3 g6 4.d4 cxd4 5.Nxd4 Bg7 6.Be3 d6 7.Bc4 Nf6 8.f3 O-O
9.Qd2 Bd7 10.O-O-O Rc8 11.Bb3 Ne5 12.Kb1 Nc4 13.Bxc4 Rxc4 14.Nde2 Qc8 15.h4 h5
16.Bg5 Be6 17.Nf4 Re8 18.Rhe1 Nh7 19.Nfd5 Nxg5 20.hxg5 b5 21.a3 Qb7 22.Qe3 Rec8
23.Re2 b4 24.axb4 Rxb4 25.Nxb4 Qxb4 26.Rd3 Rb8 27.b3 Bxb3 28.cxb3 Qxb3+ 29.Kc1 Bxc3
30.Rxc3 Qb1+  0-1

[Event "Politiken Cup"]
[Site "Copenhagen"]
[Date "1998.07.06"]
[Round "3"]
[White "Thorhallsson, Throstur"]
[Black "Fuglsang, Flemming"]
[Result "1/2-1/2"]
[WhiteElo "2480"]
[BlackElo "2280"]

1.e4 c5 2.Nf3 Nc6 3.Nc3 d6 4.d4 cxd4 5.Nxd4 Nf6 6.f3 Bd7 7.Be3 a6 8.g4 h6
9.h4 b5 10.Rg1 b4 11.Nce2 Ne5 12.Ng3 g6 13.Qd2 Qa5 14.a3 Qc5 15.Be2 bxa3
16.Rxa3 Nc4 17.Bxc4 Qxc4 18.Rc3 Qa2 19.Kf2 e5 20.Nb3 Qxb2 21.Rc7 Rb8 22.Ne2 d5
23.Qa5 Qa3  1/2-1/2

[Event "RUS-Cup06"]
[Site "Nizhnij Novgorod"]
[Date "1998.07.07"]
[Round "9"]
[White "Kupreichik, Viktor D"]
[Black "Grebionkin, Vladimir"]
[Result "0-1"]
[WhiteElo "2505"]
[BlackElo "2415"]

1.e4 c5 2.Nc3 Nc6 3.Nf3 e5 4.Bc4 d6 5.d3 Be7 6.O-O Nf6 7.Ng5 O-O 8.f4 exf4
9.Bxf4 h6 10.Nf3 Be6 11.Nd5 Bxd5 12.exd5 Nb4 13.Nh4 Nfxd5 14.Bxh6 Bxh4 15.Qg4 Bf6
16.Rf3 Qc8 17.Qh5 Bd4+ 18.Kh1 Nf6 19.Qg5 Nh7 20.Qd2 d5 21.Rg3 Kh8 22.c3 Be5
23.Rh3 dxc4 24.cxb4 gxh6 25.Qxh6 Qf5 26.dxc4 Qg6 27.Qe3 Bd4 28.Qd2 Rg8  0-1

[Event "Politiken Cup"]
[Site "Copenhagen"]
[Date "1998.07.10"]
[Round "7"]
[White "Koskela, Niina"]
[Black "Nilssen, John Arni"]
[Result "0-1"]
[WhiteElo "2190"]
[BlackElo "2305"]

1.e4 c5 2.Nf3 Nc6 3.Nc3 g6 4.d4 cxd4 5.Nxd4 Bg7 6.Nb3 Nf6 7.Be2 O-O 8.O-O d6
9.Be3 a5 10.a4 Be6 11.f4 Rc8 12.Rf2 Nd7 13.Bf3 Nb6 14.f5 Nc4 15.fxe6 Nxe3
16.Qd3 Bh6 17.Nd4 Ne5 18.Qb5 Rc4 19.Nb3 fxe6 20.Qxa5 Qc8 21.Re1 N3g4 22.Rfe2 Rxf3
23.h3 Be3+ 24.Kh1 Qf8  0-1

[Event "Smith & Williamson"]
[Site "Witley"]
[Date "1998.07.23"]
[Round "7"]
[White "Cave, Matthew"]
[Black "Rattray, Ross"]
[Result "1-0"]
[WhiteElo "2030"]
[BlackElo "1896"]

1.e4 c5 2.Ne2 Nc6 3.Nbc3 Nf6 4.d4 cxd4 5.Nxd4 e5 6.Ndb5 d6 7.Bg5 a6 8.Na3 h6
9.Bxf6 Qxf6 10.Nd5 Qd8 11.Nc4 Be6 12.Ncb6 Bxd5 13.Nxd5 Be7 14.Bc4 O-O 15.O-O Rc8
16.Bb3 Nd4 17.c3 Ne6 18.Qg4 Bg5 19.g3 Nc7 20.h4 Bf6 21.Ne3 Kh7 22.Rad1 Ne8
23.Kg2 g6 24.h5 Bg7 25.Bxf7 Rxf7 26.hxg6+ Kg8 27.gxf7+ Kxf7 28.Nf5 Kf8 29.Qg6 Qf6
30.Qxf6+ Bxf6 31.Nxd6 Nxd6 32.Rxd6 Ke7 33.Rfd1 Rc7 34.Rb6 Kf7 35.f4 Kg7 36.Rdd6 Be7
37.Rg6+ Kf7 38.Rxh6 Bf8 39.Rh7+ Bg7 40.f5 Kg8 41.Rh4 Rf7 42.Rg4 Kf8 43.Rbg6 Bf6
44.Rg8+ Ke7 45.Rh4 Bxh4 46.gxh4 Rh7 47.Kg3 Kf7 48.Rg6 Kf8 49.Kg4 Rd7 50.f6 Rd2
51.Kf5 Rxb2 52.Kxe5 Rxa2 53.Ke6 Rf2 54.h5 Rf4 55.e5 Rc4 56.h6 Rc6+ 57.Kf5 Rc7
58.Rg7 Rxc3 59.h7 Rh3 60.Rg8+ Kf7 61.h8=Q  1-0

[Event "Saitek US Masters"]
[Site "Hawaii"]
[Date "1998.07.27"]
[Round "7"]
[White "Rowley, Robert"]
[Black "Mont Reynaud, Jordy"]
[Result "1/2-1/2"]
[WhiteElo "2360"]
[BlackElo "2125"]

1.e4 c5 2.Nf3 Nc6 3.Nc3 g6 4.Bb5 Bg7 5.O-O e5 6.d3 Nge7 7.Bg5 O-O 8.Nd5 f6
9.Be3 b6 10.Bc4 Kh8 11.Nd2 d6 12.c3 Rb8 13.a3 b5 14.Ba2 Nxd5 15.exd5 Ne7
16.b4 cxb4 17.axb4 f5 18.f3 a6 19.Rb1 a5 20.bxa5 Qxa5 21.Qc2 Bb7 22.c4 Rfc8
23.Qb2 Ra8 24.Bb3 Qa3 25.Qxa3 Rxa3 26.Bg5 Ng8 27.cxb5 Rc3 28.Bc4 Bf6 29.Be3 Rc2
30.Rfd1 Bd8 31.Rdc1 Rxc1+ 32.Rxc1 Ne7 33.b6 Ra8 34.Rb1 Rb8 35.Rb5 Nc8 36.Nb3 Ba6
37.Rb4 Bxc4 38.dxc4 Bxb6 39.Bxb6 Rxb6 40.Rxb6 Nxb6 41.Na5  1/2-1/2

[Event "MK Cafe Cup-A"]
[Site "Koszalin"]
[Date "1998.08.05"]
[Round "3"]
[White "Movsesian, Sergei"]
[Black "Hansen, Sune Berg"]
[Result "1/2-1/2"]
[WhiteElo "2640"]
[BlackElo "2520"]

1.e4 c5 2.Nc3 Nc6 3.Nge2 g6 4.d4 cxd4 5.Nxd4 Bg7 6.Nde2 Nf6 7.g3 O-O 8.Bg2 Rb8
9.O-O b5 10.Re1 d6 11.h3 Nd7 12.Rb1 Nc5 13.b3 a5 14.Bb2 b4 15.Nd5 Bxb2 16.Rxb2 Bb7
17.c4 bxc3 18.Nexc3 Nb4 19.Rd2 Nxd5 20.exd5 Ba6 21.Ne4 Nd7 22.Ng5 Nf6 23.Nf3 Bb7
24.g4 Rc8 25.g5 Nh5 26.Rd4 Rc5 27.Nh2 Ng7 28.Ng4 Nf5 29.Rf4 h5 30.gxh6 Kh7
31.Qd2 Bc8 32.h4 e5 33.dxe6 fxe6 34.Ne3 e5 35.Nxf5 gxf5 36.Rf3 Qf6 37.Rc1 Rxc1+
38.Qxc1 Qxh6 39.Rg3 Qxh4 40.Qc6 Qh6 41.Qc3  1/2-1/2

[Event "MK Cafe Cup-A"]
[Site "Koszalin"]
[Date "1998.08.06"]
[Round "4"]
[White "Hnydiuk, Aleksander"]
[Black "Pyda, Zbigniew"]
[Result "0-1"]
[WhiteElo "2310"]
[BlackElo "2405"]

1.e4 c5 2.Nc3 Nc6 3.Bb5 g6 4.Bxc6 dxc6 5.d3 Bg7 6.Nge2 e5 7.Be3 b6 8.Qd2 Be6
9.O-O Nf6 10.Bh6 O-O 11.Bxg7 Kxg7 12.f4 exf4 13.Rxf4 Ng4 14.Raf1 f6 15.h3 Ne5
16.b3 Qe7 17.Nd1 Rad8 18.Qc3 Bc8 19.Ne3 Qd6 20.g4 Be6 21.Kg2 Rd7 22.R4f2 Rdf7
23.a4 Kg8 24.Nf4 Bc8 25.Nc4 Nxc4 26.bxc4 Qe5 27.Ne2 Qg5 28.Ng1 h5 29.Nf3 Qh6
30.gxh5 Qxh5 31.Ng1 f5 32.Qe5 Qh4 33.Rf4 Qh6 34.Qd6 Rf6 35.Qe5 g5 36.R4f2 f4
37.Qe7 g4 38.e5 f3+ 39.Kh1 Rg6 40.h4 g3  0-1

[Event "COL-ch"]
[Site "Pensilvania"]
[Date "1998.08.06"]
[Round "6"]
[White "Garcia, Gildardo"]
[Black "Gamboa, Nelson"]
[Result "1-0"]
[WhiteElo "2510"]
[BlackElo "2380"]

1.e4 c5 2.Nf3 Nc6 3.Nc3 e5 4.Bc4 d6 5.d3 Be7 6.Nd2 Bg5 7.Nf1 Bxc1 8.Rxc1 Nge7
9.Ne3 O-O 10.O-O Kh8 11.Qh5 f5 12.f4 exf4 13.Ned5 g6 14.Qh6 fxe4 15.Nxf4 Nd4
16.dxe4 b5 17.Nh5  1-0

[Event "MK Cafe Cup-A"]
[Site "Koszalin"]
[Date "1998.08.10"]
[Round "8"]
[White "Bobras, Piotr"]
[Black "Teske, Henrik"]
[Result "0-1"]
[WhiteElo "2345"]
[BlackElo "2510"]

1.e4 c5 2.Nc3 Nc6 3.Nf3 e6 4.Bb5 Nge7 5.O-O d6 6.Re1 Bd7 7.d4 cxd4 8.Nxd4 a6
9.Bf1 Nxd4 10.Qxd4 Nc6 11.Qd3 Rc8 12.Bf4 Ne5 13.Qg3 Qb6 14.Rab1 h5 15.Be3 Qa5
16.Kh1 b5 17.f4 h4 18.Qh3 b4 19.fxe5 bxc3 20.bxc3 dxe5 21.Bb6 Qxc3 22.Bxa6 Qxh3
23.gxh3 Rxc2 24.Ba5 Bd6 25.Red1 Rxa2 26.Rxd6 Rxa5 27.Rb7 Ba4 28.Rb8+ Ke7
29.Rxh8 Kxd6 30.Be2 f5 31.Rxh4 Bc2  0-1

[Event "Energy Cup"]
[Site "Olomouc"]
[Date "1998.08.10"]
[Round "3"]
[White "Simacek, Pavel"]
[Black "Medunova, Vera"]
[Result "1-0"]
[WhiteElo "2350"]
[BlackElo "2175"]

1.e4 c5 2.Nf3 Nc6 3.Nc3 d6 4.Bb5 Bd7 5.O-O Nf6 6.Re1 e5 7.Bxc6 Bxc6 8.d3 Be7
9.Ne2 O-O 10.Ng3 Ne8 11.c3 Bd7 12.Be3 g6 13.h3 Ng7 14.Bh6 Re8 15.Qd2 Rc8
16.Nf1 Ne6 17.Ne3 Bf8 18.Nd5 Bg7 19.Nh2 Bc6 20.Ng4 Bxd5 21.exd5 f5 22.dxe6 fxg4
23.Bxg7 Kxg7 24.hxg4 Rxe6 25.d4 b6 26.f4 e4 27.f5 Re8 28.Re3 Qg5 29.Rae1 Qxg4
30.dxc5 Rxc5 31.fxg6 hxg6 32.Qd4+ Rce5 33.Rxe4 Qe6 34.Rf1 Kg8 35.Ref4 Rd5
36.Qf2  1-0

[Event "ESP-ch"]
[Site "Linares"]
[Date "1998.08.15"]
[Round "4"]
[White "Fernandez Garcia, Jose L"]
[Black "Cardenas Valero, Joaquin"]
[Result "1/2-1/2"]
[WhiteElo "2450"]
[BlackElo "2250"]

1.e4 c5 2.Nf3 Nc6 3.Nc3 d6 4.d4 cxd4 5.Nxd4 Nf6 6.Be2 e6 7.O-O Be7 8.Be3 O-O
9.f4 Nxd4 10.Qxd4 b6 11.Rad1 Bb7 12.Kh1 Qc8 13.e5 Nd5 14.Nxd5 Bxd5 15.c4 dxe5
16.fxe5 Bc5 17.Qg4 Bxg2+ 18.Kxg2 Bxe3 19.Rd3 Qc5 20.Qe4 Bh6 21.Rh3 Rac8 22.Rff3 Qc6
23.Qc2 Rcd8 24.Bd3 Rd4 25.Bxh7+ Kh8 26.Bd3 f5 27.exf6 Rxf6 28.Be2 e5 29.Qc3 Rg4+
30.Rg3 Rxg3+ 31.hxg3  1/2-1/2